Normal view
MARC view
- PROBABILITY MODELS.INTRODUCTION TO PROBABILITY
Entry Topical Term
001 - CONTROL NUMBER
- control field: 58380
003 - CONTROL NUMBER IDENTIFIER
- control field: NUST
005 - DATE AND TIME OF LATEST TRANSACTION
- control field: 20210628202129.0
008 - FIXED-LENGTH DATA ELEMENTS
- fixed length control field: 210628|| aca||aabn | a|a d
040 ## - CATALOGING SOURCE
- Original cataloging agency: NUST
- Transcribing agency: NUST
150 ## - HEADING--TOPICAL TERM
- Topical term or geographic name entry element: PROBABILITY MODELS.INTRODUCTION TO PROBABILITY
670 ## - SOURCE DATA FOUND
- Source citation: Work cat.: (NUST): Ross, Sheldon 58379, A first course in probability, 2015
